Statistics for Countries with the most Indians

Click here to take the quiz!

General Stats

  • This quiz has been taken 40 times
  • The average score is 7 of 10

Answer Stats

DiasporaCountry% Correct
1.4 MillionUnited Kingdom
97%
3.8 MillionUnited States
97%
1.3 MillionCanada
90%
1.1 MillionPakistan
79%
1.6 MillionSri Lanka
72%
4.1 MillionSaudi Arabia
67%
3.4 MillionUnited Arab Emirates
67%
1.5 MillionSouth Africa
64%
3.0 MillionMalaysia
59%
2.0 MillionMyanmar
51%

Score Distribution

Percentile by Number Answered

Percent of People with Each Score

Your Score History

You have not taken this quiz